The Office US - Goodbye Toby lyrics - Statistics

General Stats
  • This quiz has been taken 47 times
  • The average score is 51 of 70
Answer Stats
Answer % Correct
Goodbye
100%
Goodbye
100%
Goodbye
100%
Goodbye
100%
Goodbye
100%
Toby
100%
Toby
100%
Toby
100%
Toby
100%
Toby
100%
Toby
100%
Toby
100%
Toby
100%
Toby
100%
Toby
100%
ya
93%
ya
93%
you
93%
I
90%
I
90%
's
90%
's
90%
's
90%
's
90%
be
88%
It
85%
it
85%
Hope
83%
nice
83%
been
80%
paradise
80%
your
80%
find
78%
the
76%
away
71%
goin'
71%
was
71%
was
71%
And
66%
before
66%
dawn
66%
early
66%
mornin'
66%
up
66%
yesterday
66%
have
63%
on
63%
See
63%
See
63%
movin'
61%
must
61%
my
61%
really
61%
enjoyed
56%
no
56%
no
56%
stay
56%
Feel
51%
Feel
51%
But
49%
pain
49%
pain
49%
Come
41%
He
39%
He
39%
tomorrow
37%
here
34%
here
34%
outta
32%
outta
32%
No matching quizzes found
Score Distribution
Percent of People with Each Score
Percentile by Number Answered
Your Score History
You have not taken this quiz